000 00450nam a2200157Ia 4500
008 170224s9999 xx 000 0 und d
100 _aYalan Huang
245 _aWar on women: interlocking conflicts within The Vagina Monologues in China
245 _cYalan Huang
260 _bAsian Journal of Communication
260 _c2016
300 _a26:5,Pages: 466-484
500 _a2016
650 _xCommunication Arts
650 _xMultimedia Arts
999 _c316312
_d316312